000 00534nam a2200169 a 4500
001 2292
005 20140414131954.0
008 001115s19uu xx 00 eng d
020 _a0-669-202455-1
050 _aTR 421.07
_bW85 1984
100 _aWoodruf, G. Williard
245 _aWorking words in spelling, level H /
_cG. Williard Woodruff, George N. Moore.
260 _aLexington, MA :
_bD. C. Heath and Co,
_c1981.
300 _a137 p. ; cm.
650 _aEnglish language -- spelling -- study and teaching.
999 _c112870
_d112870